[Event "Berkshire Berks & Bucks op-B"]
[Site "Berkshire"]
[Date "2023.08.27"]
[Round "4"]
[White "Passariello, Andrea"]
[Black "Neenan, Henry"]
[Result "0-1"]
[WhiteElo "1528"]
[BlackElo "1651"]
[PlyCount "80"]
[EventDate "2023.08.26"]
[EventType "swiss"]
[EventRounds "6"]
[EventCountry "ENG"]
[SourceTitle "EXT 2024"]
[Source "ChessBase"]
[SourceDate "2023.10.10"]
[SourceVersion "1"]
[SourceVersionDate "2023.10.10"]
[SourceQuality "1"]

1. e4 e6 2. d4 d5 3. e5 c5 4. c3 Nc6 5. Nf3 Qb6 6. Be2 cxd4 7. cxd4 Nh6 8. Bxh6 Qxb2 9. Bxg7 Bxg7 10. Nbd2 0-0 11. Nb3 Qc3+ 12. Qd2 Qxd2+ 13. Nbxd2 f6 14. exf6 Bxf6 15. Nb3 b6 16. 0-0 Bd7 17. Rfd1 a5 18. a4 Nb4 19. Ne1 Rac8 20. Bb5 Bxb5 21. axb5 Rc3 22. Nc1 Rfc8 23. Na2 Nxa2 24. Rxa2 Rc1 25. Rad2 R8c4 26. Nf3 Rxd1+ 27. Rxd1 Rb4 28. Kf1 Rxb5 29. Ke2 Rb2+ 30. Ke3 b5 31. Nd2 a4 32. Kd3 Rb4 33. Nf3 a3 34. Kc3 Rb2 35. Rd2 b4+ 36. Kd3 a2 37. Rxb2 a1Q 38. Rc2 b3 39. Rc8+ Kf7 40. Nd2 Qa6+ 0-1

[Event "London Central U2000"]
[Site "London"]
[Date "2022.04.23"]
[Round "2"]
[White "Brockes, Jeremy P"]
[Black "Passariello, Andrea"]
[Result "1/2-1/2"]
[WhiteElo "1544"]
[BlackElo "1409"]
[PlyCount "63"]
[EventDate "2022.04.22"]
[EventType "swiss"]
[EventRounds "5"]
[EventCountry "ENG"]
[SourceTitle "EXT 2024"]
[Source "ChessBase"]
[SourceDate "2023.10.10"]
[SourceVersion "1"]
[SourceVersionDate "2023.10.10"]
[SourceQuality "1"]

1. Nf3 b6 2. d4 Bb7 3. c4 e6 4. e3 f5 5. Be2 Nf6 6. 0-0 Be7 7. Nc3 0-0 8. b3 Bb4 9. Bb2 Bxc3 10. Bxc3 Ne4 11. Bb2 Qe8 12. d5 d6 13. dxe6 Qxe6 14. Nd4 Qg6 15. Bh5 Qf6 16. Qe2 Qe7 17. f4 Nd7 18. Bf3 c5 19. Nb5 Ndf6 20. Rad1 a6 21. Nc3 Nxc3 22. Bxc3 Ne4 23. Bb2 Rfe8 24. Rd3 Rad8 25. Ba1 Rd7 26. Rfd1 Red8 27. Qb2 Nf6 28. Bxb7 Rxb7 29. Qc2 Ne4 30. Qe2 Qe6 31. g3 Rbd7 32. Rd5 1/2-1/2

[Event "London Mill Hill op U1900"]
[Site "London"]
[Date "2022.03.27"]
[Round "4"]
[White "Bryant, Harry"]
[Black "Passariello, Andrea"]
[Result "1/2-1/2"]
[WhiteElo "1413"]
[BlackElo "1415"]
[PlyCount "139"]
[EventDate "2022.03.26"]
[EventType "swiss"]
[EventRounds "5"]
[EventCountry "ENG"]
[SourceTitle "EXT 2024"]
[Source "ChessBase"]
[SourceDate "2023.10.10"]
[SourceVersion "1"]
[SourceVersionDate "2023.10.10"]
[SourceQuality "1"]

1. e4 b6 2. d4 Bb7 3. Nc3 e6 4. Nf3 Bb4 5. Bd3 Nf6 6. Bg5 h6 7. Bxf6 Qxf6 8. a3 Bxc3+ 9. bxc3 0-0 10. 0-0 d6 11. Re1 e5 12. Qd2 Nd7 13. h3 Rad8 14. d5 Nc5 15. c4 Bc8 16. Qe3 g5 17. g4 Qg6 18. Kh2 f6 19. Nd2 Rf7 20. f3 Rh7 21. Kg3 Kg7 22. Nb3 Nd7 23. a4 Rdh8 24. Rh1 h5 25. a5 hxg4 26. fxg4 Rh4 27. axb6 axb6 28. Bf1 Qf7 29. Ra7 Nf8 30. Bg2 Ng6 31. Nc1 Nf4 32. Ne2 Bxg4 33. Ng1 Bc8 34. Kf2 Kg6 35. Ra3 Qh7 36. Qg3 Qg7 37. Qh2 R8h7 38. Rg3 Qh8 39. Nf3 Nxg2 40. Nxh4+ Nxh4 41. Ra1 f5 42. Qg1 Rh5 43. Ra7 Qg7 44. exf5+ Bxf5 45. Rb3 Bxc2 46. Rb2 Qf7+ 47. Ke2 Qf3+ 48. Kd2 Be4 49. Qg4 Qxg4 50. hxg4 Rh7 51. Ra8 Rf7 52. Rg8+ Rg7 53. Rxg7+ Kxg7 54. Ra2 Kf6 55. Ra7 c6 56. dxc6 Bxc6 57. Ra6 Bf3 58. Rxb6 Bxg4 59. Rxd6+ Ke7 60. c5 Be6 61. Rd3 g4 62. c6 Nf3+ 63. Ke3 Nd4 64. Rc3 Kd8 65. c7+ Kc8 66. Kf2 Nb5 67. Rc5 Nxc7 68. Rxe5 Kd7 69. Kg3 Nd5 70. Rxd5+ 1/2-1/2